The end of the pagan city : religion, economy, and urbanism in late antique North Africa /

محفوظ في:

المؤلف الرئيسي: Leone, Anna, 1967- (مؤلف)

التنسيق: كتاب

اللغة: English

منشور في: Oxford, United Kingdom : Oxford University Press, 2013.

الطبعة: First edition.

الموضوعات:

الوسوم: إضافة وسم

لا توجد وسوم, كن أول من يضع وسما على هذه التسجيلة!

رقم الطلب: HT148 .A34 L46

LEADER 01121nam a22003137a 4500
003 OSt
005 20250827093654.0
008 270303s2013 enka g b 001 0 eng d
010 |a 2012277758 
020 |a 0199570922 
020 |a 9780199570928 
040 |c ARCE Library 
043 |a ff----- 
050 1 4 |a HT148 .A34   |b L46  
100 1 |a Leone, Anna,   |d 1967-  |e author 
245 1 4 |a The end of the pagan city :   |b religion, economy, and urbanism in late antique North Africa /   |c Anna Leone. 
250 |a First edition. 
264 1 |a Oxford, United Kingdom :   |b Oxford University Press,   |c 2013. 
300 |a xxii, 319 pages :   |b illustrations ;   |c 22 cm. 
500 |a OCLC 854177711 
504 |a Includes bibliographical references (pages [271]-313) and index. 
650 0 |a Cities and towns  |x Religious aspects  |x Paganism. 
650 0 |a Cities and towns  |z Africa, North  |x History  |y To 1500. 
650 0 |a Paganism  |z Africa, North  |x History  |y To 1500. 
650 0 |a Sociology, Urban  |z Africa, North  |x History  |y To 1500. 
651 0 |a Africa, North  |x Antiquities. 
901 |a reviewed 
942 |c BK  |2 lcc 
999 |c 22110  |d 22110